[Event "Mistrzostwa Polski Mlodzikow do 10 lat  - chlopcy"]
[Site "Chrusty k. Zagnanska"]
[Date "1899-12-30"]
[Round "8.7"]
[White "Skrzypinski, Jan"]
[Black "Zieba, Hubert"]
[Result "1-0"]
[WhiteTitle "II"]
[BlackTitle "II"]
[WhiteElo "1194"]
[BlackElo "1331"]

1. e4 c5 2. Nf3 Nc6 3. d4 cxd4 4. Nxd4 g6 5. Nc3 Bg7 6. Be3 Nf6 7. Bc4 O-O 8. Bb3
d6 9. f3 Bd7 10. Qd2 Qa5 11. O-O-O Rfc8 12. Kb1 Ne5 13. h4 Nc4 14. Bxc4 Rxc4 15.
Nb3 Qc7 16. Bd4 a5 17. Bxf6 Bxf6 18. Nd5 Qc8 19. e5 dxe5 20. Nxf6+ exf6 21. Qxd7
Qxd7 22. Rxd7 b5 23. Nd2 Rc6 24. Ne4 f5 25. Nc3 b4 26. Nd5 Rc5 27. Re1 Re8 28.
Nf6+ 1-0

[Event "Mistrzostwa Polski Mlodzikow do 10 lat  - chlopcy"]
[Site "Chrusty k. Zagnanska"]
[Date "1899-12-30"]
[Round "8.8"]
[White "Grzebieniowski, Michal"]
[Black "Adamala, Jacek"]
[Result "1-0"]
[WhiteTitle "II"]
[BlackTitle "II"]
[WhiteElo "1194"]
[BlackElo "1310"]

1. d4 d5 2. c4 e6 3. Nf3 Nf6 4. g3 dxc4 5. Bg2 b5 6. Ne5 Nd5 7. a4 c6 8. axb5 cxb5
9. O-O Bb7 10. Re1 Nd7 11. Nf3 Be7 12. e4 N5f6 13. Qc2 O-O 14. Bf4 Bb4 15. Bd2
Qe7 16. Nc3 Bxc3 17. bxc3 h6 18. Bc1 Qd8 19. Ba3 Re8 20. Nd2 e5 21. d5 Qb6 22.
Reb1 Rac8 23. Bf1 Ng4 24. Nxc4 Rxc4 25. Bxc4 a6 26. Bf1 Qg6 27. Bg2 Bxd5 28. Qd1
Bc6 29. Qe2 Ngf6 30. Re1 Bb7 31. Bb4 Rc8 32. Rad1 Nc5 33. f3 Nfd7 34. Bh3 Qb6
35. Qf2 Rc7 36. Rd2 Nf8 37. Red1 a5 38. Rd6 Qa7 39. Ba3 Ba8 40. Rd8 g6 41. Rc8
Rxc8 42. Bxc8 b4 43. cxb4 axb4 44. Bxb4 Qa4 45. Qd2 Nb3 46. Qd6 Nd4 47. Qxf8+
Kh7 48. Qxf7+ Kh8 49. Rxd4 exd4 50. Bf8 Qa1+ 51. Kg2 d3 52. Be7 Qa2+ 1-0

[Event "Mistrzostwa Polski Mlodzikow do 10 lat  - chlopcy"]
[Site "Chrusty k. Zagnanska"]
[Date "1899-12-30"]
[Round "8.9"]
[White "Karp, Kacper"]
[Black "Musin, Pawel"]
[Result "1/2-1/2"]
[WhiteTitle "II+"]
[BlackTitle "II"]
[WhiteElo "1287"]
[BlackElo "1151"]

1. e4 e6 2. d4 d5 3. Nc3 Nf6 4. e5 Nfd7 5. f4 c5 6. Nf3 Nc6 7. Be3 cxd4 8. Nxd4
Bc5 9. Qd2 Nxd4 10. Bxd4 Bxd4 11. Qxd4 Qb6 12. Qxb6 Nxb6 13. Nb5 Ke7 14. Nd4 Bd7
15. O-O-O Rac8 16. Bd3 h6 17. h4 Rhf8 18. Rh3 Rg8 19. Rg3 g6 20. b3 h5 21. Rg5
Rg7 22. g4 hxg4 23. Rxg4 Rh7 24. Rh1 Rh6 25. h5 Rch8 26. Rg5 Rxh5 27. Rgxh5 Rxh5
28. Rxh5 gxh5 29. Be2 h4 30. Nf3 h3 31. Bf1 h2 32. Nxh2 d4 33. Nf3 Nd5 34. Nxd4
Nxf4 35. Nf3 Ng6 1/2-1/2

[Event "Mistrzostwa Polski Mlodzikow do 10 lat  - chlopcy"]
[Site "Chrusty k. Zagnanska"]
[Date "1899-12-30"]
[Round "8.10"]
[White "Klim, Filip"]
[Black "Bartoszczuk, Adam"]
[Result "1-0"]
[WhiteTitle "II+"]
[BlackTitle "II"]
[WhiteElo "1232"]
[BlackElo "1180"]

1. e4 c5 2. Nf3 e6 3. d4 cxd4 4. Nxd4 a6 5. Nc3 Qc7 6. Be2 Nf6 7. a3 d6 8. O-O
Be7 9. Be3 Nbd7 10. f4 O-O 11. Qe1 b5 12. Qg3 Kh8 13. Bf3 Rb8 14. e5 dxe5 15.
Nc6 Bd6 16. Nxb8 exf4 17. Qh3 Nxb8 18. Bd2 Bc5+ 19. Kh1 Rd8 20. Rad1 g5 21. Qh6
1-0

[Event "Mistrzostwa Polski Mlodzikow do 10 lat  - chlopcy"]
[Site "Chrusty k. Zagnanska"]
[Date "1899-12-30"]
[Round "8.11"]
[White "Krawczyk, Flawian"]
[Black "Murawski, Milosz"]
[Result "1-0"]
[WhiteTitle "II"]
[BlackTitle "II"]
[WhiteElo "1580"]
[BlackElo "1068"]

1. Nf3 Nf6 2. g3 g6 3. Bg2 Bg7 4. O-O O-O 5. d3 d6 6. e4 Bg4 7. h3 Bxf3 8. Bxf3
Nc6 9. Bg2 Qd7 10. f4 Ne8 11. c3 e6 12. g4 f5 13. g5 fxe4 14. dxe4 e5 15. Qb3+
Kh8 16. f5 gxf5 17. exf5 Rb8 18. f6 Nxf6 19. gxf6 Bxf6 20. Na3 Be7 21. Rxf8+ Rxf8
22. Qxb7 Rg8 23. Kh2 Bh4 24. Qxc6 Qg7 25. Qf3 d5 26. Be3 e4 27. Bd4 Qxd4 28. cxd4
exf3 29. Bxf3 Bg3+ 30. Kh1 Bf2 31. Bxd5 Rd8 32. Bb3 Rxd4 33. Rd1 Rh4 34. Rd8+
Kg7 35. Rd7+ Kf6 36. Rf7+ Ke5 37. Rxf2 Ke4 38. Kg2 Kd5 1-0

[Event "Mistrzostwa Polski Mlodzikow do 10 lat  - chlopcy"]
[Site "Chrusty k. Zagnanska"]
[Date "1899-12-30"]
[Round "8.12"]
[White "Ptaszynski, Szymon"]
[Black "Skowron, Dawid"]
[Result "1-0"]
[WhiteTitle "II"]
[BlackTitle "II"]
[WhiteElo "1312"]
[BlackElo "1205"]

1. c4 Nf6 2. g3 e5 3. Bg2 Bc5 4. e3 Nc6 5. Nc3 a6 6. Nge2 d6 7. O-O O-O 8. d3 Bd7
9. b3 Qc8 10. d4 Ba7 11. Re1 Re8 12. d5 Ne7 13. Qc2 Ng6 14. Bb2 Ng4 15. h3 Nh6
16. Kh2 Rf8 17. Qd2 Nf5 18. Rac1 Qd8 19. Ne4 Qe7 20. Ba3 b6 21. b4 c5 22. dxc6
Bxc6 23. Nxd6 Bxg2 24. Nxf5 Qf6 25. Kxg2 Qxf5 26. Qc2 e4 27. Nd4 Qd7 28. Qxe4
Rfe8 29. Qd5 Qc7 30. Qc6 Qd8 31. Qd5 Qc7 32. Qc6 Qd8 33. Qf3 Ne5 34. Qe2 b5 35.
Red1 Qb8 36. c5 Nc4 37. Bb2 Qb7+ 38. Kh2 Rad8 39. Bc3 Rd5 40. a4 Red8 41. axb5
axb5 42. c6 Qb6 43. Ra1 Bb8 44. Qa2 Be5 45. Qa7 Bxd4 46. c7 Rc8 47. Qxb6 Nxb6
48. Bxd4 Nd7 49. Rdc1 Kf8 50. Ra7 f6 51. Rca1 Ke7 52. Ra8 Rxc7 53. R8a7 Rc2 54.
R1a2 Rc1 55. R2a6 Rb1 56. Bc5+ Ke8 57. Rb7 Rbd1 58. Rxb5 Nxc5 1-0

[Event "Mistrzostwa Polski Mlodzikow do 10 lat  - chlopcy"]
[Site "Chrusty k. Zagnanska"]
[Date "1899-12-30"]
[Round "8.13"]
[White "Krol, Jan"]
[Black "Stanik, Szymon"]
[Result "1/2-1/2"]
[WhiteTitle "II"]
[BlackTitle "II"]
[WhiteElo "1310"]
[BlackElo "1137"]

1. c4 c5 2. Nc3 Nc6 3. g3 d6 4. Bg2 e5 5. e4 Be7 6. d3 Nf6 7. Nge2 O-O 8. O-O h6
9. h3 Nh7 10. f4 f5 11. Be3 Be6 12. Kh2 Rb8 13. a3 a6 14. Rb1 b5 15. exf5 Bd7
16. g4 Nd4 17. Nd5 Nf6 18. fxe5 dxe5 19. Nxe7+ Qxe7 20. Nxd4 cxd4 21. Bd2 bxc4
22. dxc4 Rfc8 23. Qe2 e4 24. Bf4 Rb3 25. Rfe1 d3 26. Qd2 Rxc4 27. Rbc1 Rxc1 28.
Qxc1 Rb6 29. Qd2 Bc6 30. b4 Bb7 31. Bg3 Kh7 32. Kg1 Qe8 33. Qe3 Rc6 34. Bh4 Rd6
35. Bxf6 gxf6 36. Qf4 Qe5 37. Qxe5 fxe5 38. Kf2 d2 39. Rd1 e3+ 40. Kxe3 Bxg2 41.
Rxd2 Rxd2 42. Kxd2 Bxh3 43. Ke3 Kg7 44. Kf3 Bf1 45. a4 Kf6 46. Kf2 Bc4 47. Ke3
Bf1 48. Kf2 Bd3 49. Ke3 e4 50. Kf4 Bc2 51. a5 Bd3 1/2-1/2

[Event "Mistrzostwa Polski Mlodzikow do 10 lat  - chlopcy"]
[Site "Chrusty k. Zagnanska"]
[Date "1899-12-30"]
[Round "8.14"]
[White "Krasniewski, Maciej"]
[Black "Adamala, Tomasz"]
[Result "1-0"]
[WhiteTitle "II"]
[BlackTitle "III"]
[WhiteElo "1232"]
[BlackElo "1196"]

1. e4 c5 2. Nf3 Nc6 3. d4 cxd4 4. Nxd4 g6 5. Be3 Bg7 6. Nc3 Nf6 7. f3 O-O 8. Qd2
d6 9. Bc4 Bd7 10. O-O-O Rc8 11. Bb3 Na5 12. h4 h5 13. g4 Nxb3+ 14. Nxb3 hxg4 15.
h5 Nxh5 16. Rdg1 Nf6 17. Bh6 1-0

[Event "Mistrzostwa Polski Mlodzikow do 10 lat  - chlopcy"]
[Site "Chrusty k. Zagnanska"]
[Date "1899-12-30"]
[Round "8.15"]
[White "Spionkowski, Fabian"]
[Black "Jaworski, Tymon"]
[Result "0-1"]
[WhiteTitle "II"]
[BlackTitle "II"]
[WhiteElo "1125"]
[BlackElo "1403"]

1. e4 e5 2. Nf3 Nc6 3. g3 Nf6 4. d3 Bc5 5. Bg2 O-O 6. O-O d6 7. Nbd2 Be6 8. c3
Bb6 9. a4 a5 10. b3 d5 11. Rb1 dxe4 12. Nxe4 Nxe4 13. dxe4 Qxd1 14. Rxd1 Rfd8
15. Rxd8+ Rxd8 16. Nd2 Rd3 17. c4 Nd4 18. Bf1 Nf3+ 19. Nxf3 Rxf3 20. Be2 Rxf2
21. Bf1 Rb2+ 22. Kh1 Rxb1 23. Be3 Bxe3 24. Kg2 Bh3+ 25. Kxh3 Rxf1 26. Kh4 Rb1
27. h3 Rxb3 28. g4 Bf2+ 29. Kg5 f6+ 30. Kf5 Kf7 31. g5 g6+ 32. Kg4 Rg3+ 33. Kh4
fxg5# 0-1

[Event "Mistrzostwa Polski Mlodzikow do 10 lat  - chlopcy"]
[Site "Chrusty k. Zagnanska"]
[Date "1899-12-30"]
[Round "8.16"]
[White "Raczek, Krzysztof"]
[Black "Wojtacha, Krzysztof"]
[Result "0-1"]
[WhiteTitle "II"]
[BlackTitle "II"]
[WhiteElo "1290"]
[BlackElo "1150"]

1. e4 e5 2. Nf3 Nc6 3. d4 exd4 4. Bc4 Bc5 5. c3 Nf6 6. e5 d5 7. Bb5 Nd7 8. cxd4
Bb6 9. O-O O-O 10. Nc3 Ne7 11. Bg5 c6 12. Ba4 f6 13. Bf4 Bc7 14. Re1 fxe5 15.
Bxe5 Nxe5 16. Nxe5 Bxe5 17. dxe5 Be6 18. Bc2 Qb6 19. Qd2 Rf7 20. a3 Raf8 21. Rf1
Nf5 22. b4 Nd4 23. Na4 Nf3+ 24. gxf3 Qd8 25. Bd1 Rf4 26. Nc5 Bh3 27. Ne4 dxe4
28. Qxd8 Rxd8 29. Bb3+ Kf8 30. Rfe1 Rxf3 31. Rxe4 Rxb3 32. f4 Rdd3 33. a4 Rf3
34. a5 Ra3 35. Rae1 Ke7 36. R4e2 Rxf4 37. Rf2 Re4 38. Rf7+ Kxf7 39. Rxe4 Rf3 40.
Re1 Ke6 41. a6 bxa6 42. Rc1 Rf1+ 43. Rxf1 Bxf1 44. Kxf1 Kxe5 45. Ke2 Kd4 46. Kd2
Kc4 47. Kc2 Kxb4 48. Kb2 h5 49. h4 a5 50. Kc2 a4 51. Kb2 c5 52. Ka2 c4 53. Kb2
a3+ 54. Kc2 a5 55. Kb1 Kb3 56. Ka1 c3 57. Kb1 c2+ 58. Kc1 a2 59. Kd2 a1=Q 60.
Kd3 c1=Q 61. Ke2 Qe1+ 0-1

[Event "Mistrzostwa Polski Mlodzikow do 10 lat  - chlopcy"]
[Site "Chrusty k. Zagnanska"]
[Date "1899-12-30"]
[Round "8.17"]
[White "Sniadecki, Oskar"]
[Black "Wolak, Maciej"]
[Result "1-0"]
[WhiteTitle "II"]
[BlackTitle "II"]
[WhiteElo "1277"]
[BlackElo "1101"]

1. c4 e5 2. g3 Nf6 3. Bg2 c6 4. Nc3 d5 5. cxd5 cxd5 6. d3 Bb4 7. Bd2 O-O 8. Nf3
Nc6 9. O-O Be6 10. Ne1 Qd7 11. Nc2 Bc5 12. Rb1 Rad8 13. b4 Be7 14. b5 Nd4 15.
a4 Nxc2 16. Qxc2 Bh3 17. Qb3 Bxg2 18. Kxg2 d4 19. Na2 Rc8 20. Rfc1 Rfd8 21. Bb4
h6 22. a5 Bxb4 23. Nxb4 Qxb5 24. Qa3 Qd7 25. Qb3 Qe7 26. Nd5 Nxd5 27. Rxc8 Ne3+
28. fxe3 Rxc8 29. Qxb7 Qc5 30. Rb5 Qc2 31. Kf3 f6 32. Qd5+ Kh8 33. Rb7 dxe3 34.
Qd7 Qc6+ 35. Qxc6 Rxc6 36. Rxa7 Kg8 37. Ke4 Kf8 38. a6 Ke8 39. Kd5 Rc2 40. Rb7
Rxe2 41. a7 Ra2 42. Rb8+ Kf7 43. a8=Q e2 44. Qb7+ Kg6 45. Qb1 Rd2 46. d4+ Kg5
47. h4+ Kg4 48. Qe4+ Kh3 49. Rb4 Kh2 50. Qe3 Rxd4+ 51. Rxd4 exd4 52. Qxe2+ Kxg3
53. Kxd4 Kxh4 54. Ke4 g5 55. Kf5 g4 56. Qh2# 1-0

[Event "Mistrzostwa Polski Mlodzikow do 10 lat  - chlopcy"]
[Site "Chrusty k. Zagnanska"]
[Date "1899-12-30"]
[Round "8.18"]
[White "Rozek, Michal"]
[Black "Olszewski, Antoni"]
[Result "1-0"]
[WhiteTitle "II"]
[BlackTitle "II"]
[WhiteElo "1196"]
[BlackElo "1061"]

1. c4 e5 2. Nc3 Nc6 3. g3 g6 4. Bg2 Bg7 5. d3 d6 6. Nf3 Nge7 7. Bd2 Be6 8. a3 d5
9. cxd5 Nxd5 10. Qc2 O-O 11. O-O Qd7 12. Ng5 Rad8 13. Nxe6 fxe6 14. Nxd5 exd5
15. Be3 b6 16. Rac1 Rf6 17. Bg5 Nd4 18. Qd1 Qg4 19. Bxf6 Bh6 20. Bxd8 Bxc1 21.
Bxd5+ Kg7 22. Bf3 Qh3 23. Qxc1 c5 24. Qg5 h6 25. Qf6+ Kh7 26. Qf7+ Kh8 27. Bf6#
1-0

[Event "Mistrzostwa Polski Mlodzikow do 10 lat  - chlopcy"]
[Site "Chrusty k. Zagnanska"]
[Date "1899-12-30"]
[Round "8.20"]
[White "Jasiulewicz, Dawid"]
[Black "Zmarzly, Wiktor"]
[Result "1-0"]
[WhiteTitle "II"]
[BlackTitle "II"]
[WhiteElo "1141"]
[BlackElo "1185"]

1. Nf3 d5 2. c4 c6 3. b3 e6 4. Bb2 Nf6 5. d3 Nbd7 6. g3 Bb4+ 7. Nbd2 O-O 8. Bg2
b6 9. O-O Bb7 10. Qc2 Rc8 11. Rac1 b5 12. a3 Bd6 13. b4 bxc4 14. dxc4 dxc4 15.
Nxc4 Bc7 16. Nd4 Nd5 17. Qa4 c5 18. Qxa7 cxd4 19. Qxb7 Rb8 20. Qa7 Ra8 21. Qxd4
Qf6 22. Qxf6 N7xf6 23. Ne3 Nxe3 24. fxe3 Rac8 25. Bb7 Rb8 26. Rxc7 Nd5 27. Bxd5
exd5 28. Rd7 Rbc8 29. Rc1 Rcd8 30. Rxd8 Rxd8 31. b5 h6 32. b6 Rb8 33. Bd4 Rb7
34. a4 Kh7 35. a5 f5 36. a6 Rb8 37. a7 Ra8 38. b7 Re8 39. Rc8 Rxc8 40. bxc8=Q
Kg6 41. Qe6+ Kg5 42. Bxg7 h5 43. h3 f4 44. h4# 1-0

[Event "Mistrzostwa Polski Mlodzikow do 10 lat  - chlopcy"]
[Site "Chrusty k. Zagnanska"]
[Date "1899-12-30"]
[Round "8.21"]
[White "Nocek, Dominik"]
[Black "Pawlowski, Kamil"]
[Result "1-0"]
[WhiteTitle "II"]
[BlackTitle "II"]
[WhiteElo "1150"]
[BlackElo "1054"]

1. e4 e5 2. Nf3 Nc6 3. d4 exd4 4. Nxd4 Bc5 5. Be3 Qf6 6. c3 Nge7 7. g3 d5 8. Bg2
dxe4 9. Nb5 Bxe3 10. Nxc7+ Kf8 11. O-O Rb8 12. fxe3 Qe5 13. Qb3 f6 14. Nb5 Be6
15. Qa4 Qc5 16. Nd4 Qc4 17. Nxe6+ Qxe6 18. Qxe4 Qxe4 19. Bxe4 Rd8 20. Kf2 Kf7
21. Ke2 g6 22. Nd2 f5 23. g4 Ke6 24. gxf5+ gxf5 25. Bc2 Rhg8 26. Bb3+ Nd5 27.
Rf2 Ke7 28. Rxf5 Rg2+ 29. Rf2 Nxc3+ 30. bxc3 Rxd2+ 31. Kxd2 Rxf2+ 32. Kd3 Rxh2
33. Rf1 b6 34. Rf7+ Kd6 35. Rf6+ Kd7 36. Ba4 Ke7 37. Rxc6 Rxa2 38. Bc2 Kf7 39.
Bb3+ Kg7 40. Bxa2 h5 41. Rc7+ Kg6 42. Rxa7 h4 43. Bd5 Kg5 44. Ra6 Kg4 45. Rxb6
Kg3 46. Rh6 h3 47. Rxh3+ Kxh3 48. c4 Kg4 49. c5 Kf5 50. c6 Ke5 51. c7 Kxd5 52.
c8=Q Ke5 53. Qg4 Kd5 54. Qd4+ Ke6 55. e4 Ke7 56. e5 Ke6 57. Ke4 Kf7 58. Qd6 Kg7
59. Kf5 Kh7 60. Kg5 Kh8 61. Kg6 Kg8 62. Qd8# 1-0

[Event "Mistrzostwa Polski Mlodzikow do 10 lat  - chlopcy"]
[Site "Chrusty k. Zagnanska"]
[Date "1899-12-30"]
[Round "8.26"]
[White "Duda, Szymon"]
[Black "Zmuda, Tomasz"]
[Result "1-0"]
[WhiteTitle "III"]
[BlackTitle "II"]
[WhiteElo "1085"]
[BlackElo "1191"]

1. e4 c5 2. Nf3 a6 3. d4 cxd4 4. Nxd4 Nf6 5. Nc3 e5 6. Nf3 Bb4 7. Bd3 O-O 8. Bd2
Re8 9. O-O d5 10. Re1 Bxc3 11. Bxc3 d4 12. Bd2 Nc6 13. Bg5 Bg4 14. h3 Bh5 15.
a3 Rc8 16. g4 Bg6 17. Kh2 Qd6 18. Qd2 Nb8 19. Qe2 Nbd7 20. b4 Nb6 21. Bd2 a5 22.
bxa5 Nbd7 23. Bb4 Nc5 24. Nd2 Qc6 25. Bb5 Qc7 26. Bxe8 Rxe8 27. f3 h5 28. Qc4
hxg4 29. hxg4 Nfd7 30. Nb3 Qd8 31. Nxc5 Qh4+ 32. Kg2 Bh5 33. Rh1 1-0

[Event "Mistrzostwa Polski Mlodzikow do 10 lat  - chlopcy"]
[Site "Chrusty k. Zagnanska"]
[Date "1899-12-30"]
[Round "8.28"]
[White "Przewlocki, Marcin"]
[Black "Grobelny, Mikolaj"]
[Result "1-0"]
[WhiteTitle "II"]
[BlackTitle "II"]
[WhiteElo "1173"]
[BlackElo "1031"]

1. e4 c6 2. Nc3 d5 3. Nf3 Nf6 4. d3 e5 5. Nxe5 d4 6. Ne2 Qa5+ 7. Bd2 Qxe5 8. Ng3
Qc7 9. Be2 Qb6 10. Rb1 Be7 11. O-O c5 12. f4 Qc6 13. Bf3 Qd7 14. Re1 Qd8 15. f5
Nc6 16. Bf4 b6 17. Qd2 Bb7 18. c3 Qd7 19. c4 a6 20. e5 Ng8 21. e6 fxe6 22. fxe6
Qc8 23. Nf5 Nf6 24. Bd6 g6 25. Bxe7 gxf5 26. Bxf6 Rf8 27. Bh4 Rg8 28. Bh5+ Kf8
29. Qh6+ Rg7 30. Bf6 Qc7 31. Bxg7+ Qxg7 32. Qxg7+ 1-0

[Event "Mistrzostwa Polski Mlodzikow do 10 lat  - chlopcy"]
[Site "Chrusty k. Zagnanska"]
[Date "1899-12-30"]
[Round "8.32"]
[White "Szreter, Marek"]
[Black "Makuch, Tomasz"]
[Result "1/2-1/2"]
[WhiteTitle "II"]
[BlackTitle "III"]
[WhiteElo "1172"]
[BlackElo "1149"]

1. e4 e5 2. Nf3 Nc6 3. Bc4 Bc5 4. b4 Bxb4 5. c3 Bc5 6. d4 exd4 7. cxd4 Bb6 8. O-O
d6 9. Re1 Na5 10. Bb5+ c6 11. Ba4 Ne7 12. Qd3 O-O 13. Bb2 d5 14. exd5 Nxd5 15.
Nc3 Nf4 16. Qe4 Bc7 17. Bc2 f5 18. Qe3 Nc4 19. Bb3 Be6 20. Bxc4 Bxc4 21. Ne5 Bxe5
22. dxe5 Qg5 23. g3 Nh3+ 24. Kg2 Qxe3 25. Rxe3 Ng5 26. f4 Nf7 27. e6 Nh6 28. h3
Rac8 29. Rd1 Rc7 30. Rd7 Rfc8 31. Rxc7 Rxc7 32. e7 Bf7 33. e8=Q+ Bxe8 34. Rxe8+
Kf7 35. Re5 Rd7 36. Ba3 Kf6 37. Kf2 Nf7 38. Ra5 b5 1/2-1/2

[Event "Mistrzostwa Polski Mlodzikow do 10 lat  - chlopcy"]
[Site "Chrusty k. Zagnanska"]
[Date "1899-12-30"]
[Round "9.1"]
[White "Seemann, Jakub"]
[Black "Wierzbicki, Dawid"]
[Result "1-0"]
[WhiteTitle "II+"]
[BlackTitle "I"]
[WhiteElo "1627"]
[BlackElo "1419"]

1. e4 e6 2. d4 d5 3. Nd2 dxe4 4. Nxe4 Bd7 5. Nf3 Bc6 6. Bd3 Nd7 7. O-O Ngf6 8.
Qe2 Nxe4 9. Bxe4 Bxe4 10. Qxe4 c6 11. Bf4 Nf6 12. Qe2 Be7 13. c4 O-O 14. Rfd1
Re8 15. Rac1 Bd6 16. Ne5 Nd7 17. Nxf7 Kxf7 18. Bxd6 Qa5 19. b4 Qg5 20. Rc3 Kg8
21. Rg3 Qf6 22. f4 Rad8 23. Qh5 a6 24. h4 Qf7 25. Qxf7+ Kxf7 26. Rb3 Nf6 27. Be5
Rd7 28. a4 Red8 29. c5 h5 30. b5 Nd5 31. bxc6 bxc6 32. Rdb1 Kg6 33. Kf2 Nf6 34.
Kf3 Ng4 35. Bd6 Nh6 36. Rb7 Nf5 37. Rxd7 Rxd7 38. Rb6 Nxd6 39. cxd6 Rxd6 40. Ke4
Kf6 41. Rxa6 Rd5 42. Rxc6 Ra5 43. Rc4 g6 44. g3 Ke7 45. Kd3 Kd6 46. Kc3 Ra8 47.
Rb4 Kc6 48. Kb3 Kd5 49. Rb5+ Kxd4 50. Kb4 Ra7 51. a5 Re7 52. a6 Ke4 53. Rg5 Kd5
1-0

[Event "Mistrzostwa Polski Mlodzikow do 10 lat  - chlopcy"]
[Site "Chrusty k. Zagnanska"]
[Date "1899-12-30"]
[Round "9.2"]
[White "Musial, Igor"]
[Black "Mulawa, Cyprian"]
[Result "1/2-1/2"]
[WhiteTitle "II+"]
[BlackTitle "II"]
[WhiteElo "1399"]
[BlackElo "1191"]

1. e4 c5 2. Nc3 Nc6 3. f4 d6 4. Nf3 g6 5. Bc4 Bg7 6. d3 e6 7. O-O Nge7 8. Qe1 O-O
9. Qh4 d5 10. Bb3 f5 11. e5 a6 12. Qf2 d4 13. Ne2 Nd5 14. c3 dxc3 15. bxc3 b6
16. Ba3 Re8 17. Rad1 Qc7 18. d4 cxd4 19. Nfxd4 Bf8 20. Bxf8 Rxf8 21. Nxe6 Bxe6
22. Bxd5 Bxd5 23. Rxd5 Rad8 24. Rfd1 Rxd5 25. Rxd5 Rd8 26. Rxd8+ Nxd8 27. Qe3
Qc4 28. Qxb6 Qxe2 29. Qxd8+ Kg7 30. Qf6+ Kg8 31. Qh4 Qd1+ 32. Kf2 Qd2+ 33. Kf1
Qd3+ 34. Kg1 1/2-1/2

[Event "Mistrzostwa Polski Mlodzikow do 10 lat  - chlopcy"]
[Site "Chrusty k. Zagnanska"]
[Date "1899-12-30"]
[Round "9.3"]
[White "Borowik, Wojciech"]
[Black "Grot, Blazej"]
[Result "0-1"]
[WhiteTitle "II+"]
[BlackTitle "CM"]
[WhiteElo "1527"]
[BlackElo "1418"]

1. d4 Nf6 2. c4 e6 3. Nc3 Bb4 4. Nf3 Bxc3+ 5. bxc3 b6 6. Bg5 Bb7 7. e3 h6 8. Bh4
d6 9. Bd3 g5 10. Bg3 Ne4 11. O-O h5 12. Qc2 f5 13. h4 g4 14. Nd2 Nxd2 15. Qxd2
Nd7 16. Qc2 Qf6 17. Rfe1 O-O 18. Qd2 e5 19. d5 e4 20. Be2 Ne5 21. Bxe5 dxe5 22.
g3 Qd6 23. Rf1 Rae8 24. a4 a5 25. Bd1 Ba6 26. Bb3 Qc5 27. Qe2 f4 28. Kh2 Re7 29.
Qc2 Bxc4 30. Qxe4 Bxb3 31. Qg6+ Rg7 32. Qe6+ Kh7 33. Qxe5 Qxd5 34. Qxd5 Bxd5 35.
gxf4 Bf3 36. Kg3 Rd7 37. Rfe1 Rd3 38. Rec1 Kg6 39. c4 Rf5 40. Ra2 Rc5 41. Raa1
Rb3 42. Ra2 Rb4 43. Rac2 Rxa4 44. Kh2 Rb4 45. Kg1 a4 46. Kf1 a3 47. Ke1 Ra4 48.
Kd2 Be4 49. Ra2 c6 50. Rc3 Rca5 51. Kc1 b5 52. cxb5 cxb5 53. Rc8 Rc4+ 54. Rxc4
bxc4 55. Kd2 Bb1 56. Ra1 a2 57. e4 Ra3 58. f5+ Kf6 59. f4 g3 60. e5+ Kxf5 61.
e6 Kxe6 62. f5+ Kxf5 63. Ke2 g2 64. Kf2 Rg3 65. Rxb1 axb1=Q 66. Ke2 Qd3+ 67. Kf2
g1=Q# 0-1

[Event "Mistrzostwa Polski Mlodzikow do 10 lat  - chlopcy"]
[Site "Chrusty k. Zagnanska"]
[Date "1899-12-30"]
[Round "9.4"]
[White "Skrzypinski, Jan"]
[Black "Wielgus, Wojciech"]
[Result "1/2-1/2"]
[WhiteTitle "II"]
[BlackTitle "I"]
[WhiteElo "1194"]
[BlackElo "1517"]

1. e4 c5 2. Nf3 e6 3. d4 cxd4 4. Nxd4 a6 5. Nc3 b5 6. f4 Bb7 7. Bd3 Qb6 8. Nf3
Nf6 9. Qe2 d6 10. Be3 Qc7 11. O-O-O Nbd7 12. Bf2 Be7 13. h3 b4 14. Nb1 O-O 15.
g4 d5 16. e5 Ne4 17. Rhg1 a5 18. Bb5 Ndc5 19. Nbd2 Nxf2 20. Qxf2 a4 21. Kb1 Qa5
22. Nd4 Rfc8 23. f5 b3 24. c3 bxa2+ 25. Ka1 a3 26. b4 Qb6 27. bxc5 Bxc5 28. N2b3
Qxb5 29. Nxb5 Bxf2 30. Rgf1 Ba6 31. fxe6 fxe6 32. Rxf2 Bxb5 33. Nd4 Bd7 34. Rd3
Rc4 35. Rdf3 h6 36. Rf7 Rd8 37. Re7 Rxc3 38. Rff7 Be8 1/2-1/2

[Event "Mistrzostwa Polski Mlodzikow do 10 lat  - chlopcy"]
[Site "Chrusty k. Zagnanska"]
[Date "1899-12-30"]
[Round "9.5"]
[White "Klim, Filip"]
[Black "Warchol, Kamil"]
[Result "0-1"]
[WhiteTitle "II+"]
[BlackTitle "CM"]
[WhiteElo "1232"]
[BlackElo "1431"]

1. e4 e5 2. Nf3 Nc6 3. Bc4 Bc5 4. d3 Nf6 5. O-O d6 6. c3 a6 7. Be3 Bxe3 8. fxe3
Na5 9. Qa4+ Nc6 10. Nbd2 O-O 11. d4 Bd7 12. Qc2 Kh8 13. Ng5 Qe7 14. Rf2 h6 15.
Nxf7+ Rxf7 16. Bxf7 Qxf7 17. d5 Ne7 18. Raf1 Qg6 19. c4 Kg8 20. Kh1 Qh5 21. Rf3
Bg4 22. Rg3 Be2 23. Rxf6 Kh7 24. Rf2 Bg4 25. c5 Rc8 26. Qb3 Bd7 27. h3 Qh4 28.
Kh2 Ng8 29. Rf7 Nf6 30. Rgxg7+ Kh8 31. Qxb7 Rg8 32. Rxg8+ Kxg8 33. Rxd7 Ng4+ 0-1

[Event "Mistrzostwa Polski Mlodzikow do 10 lat  - chlopcy"]
[Site "Chrusty k. Zagnanska"]
[Date "1899-12-30"]
[Round "9.6"]
[White "Bartodziej, Bartosz"]
[Black "Grzebieniowski, Michal"]
[Result "1-0"]
[WhiteTitle "II"]
[BlackTitle "II"]
[WhiteElo "1468"]
[BlackElo "1194"]

1. d4 d5 2. c4 e6 3. Nc3 Nf6 4. cxd5 exd5 5. Bg5 Be7 6. Nf3 c6 7. Qc2 Bg4 8. Ne5
Bc8 9. e3 Nbd7 10. Nf3 h6 11. Bh4 Nf8 12. Bd3 Ne6 13. O-O O-O 14. Rab1 a5 15.
a3 Bd7 16. Ne5 Nh5 17. Bh7+ Kh8 18. Bxe7 Qxe7 19. Bg6 Nf6 20. Bxf7 Qd8 21. Ng6+
Kh7 22. Nxf8+ Kh8 23. Qh7+ Nxh7 24. Ng6# 1-0

[Event "Mistrzostwa Polski Mlodzikow do 10 lat  - chlopcy"]
[Site "Chrusty k. Zagnanska"]
[Date "1899-12-30"]
[Round "9.7"]
[White "Musin, Pawel"]
[Black "Krawczyk, Flawian"]
[Result "0-1"]
[WhiteTitle "II"]
[BlackTitle "II"]
[WhiteElo "1151"]
[BlackElo "1580"]

1. d4 Nf6 2. Nc3 g6 3. e4 d6 4. Bg5 Bg7 5. e5 dxe5 6. dxe5 Qxd1+ 7. Rxd1 Nfd7 8.
f4 c6 9. Bc4 h6 10. Bh4 g5 11. fxg5 hxg5 12. Bxg5 Nxe5 13. Bb3 Bg4 14. Rd2 Nbd7
15. Be3 Bf5 16. Nf3 Nxf3+ 17. gxf3 Ne5 18. Ke2 Rh3 19. Bd4 O-O-O 20. Bxf7 Nxf3
21. Be3 Nxd2 22. Bxd2 Bg4+ 23. Ke1 Bf6 24. Ne4 Bh4+ 25. Nf2 Bxf2+ 26. Kxf2 Rxd2+
27. Kg3 Rd4+ 0-1

[Event "Mistrzostwa Polski Mlodzikow do 10 lat  - chlopcy"]
[Site "Chrusty k. Zagnanska"]
[Date "1899-12-30"]
[Round "9.8"]
[White "Baszczynski, Gabriel"]
[Black "Krasniewski, Maciej"]
[Result "1-0"]
[WhiteTitle "II"]
[BlackTitle "II"]
[WhiteElo "1299"]
[BlackElo "1232"]

1. Nf3 g6 2. g3 Bg7 3. Bg2 Nf6 4. O-O O-O 5. d3 d6 6. Nbd2 Nc6 7. Rb1 e5 8. b3
Nd7 9. Bb2 f5 10. h4 h6 11. Ne1 Nf6 12. Nc4 Be6 13. e3 Nd7 14. Qe2 Qe7 15. d4
d5 16. Ba3 Qf7 17. Bxf8 Rxf8 18. Rd1 e4 19. Nb2 Nb6 20. f3 Qe7 21. c4 Bf7 22.
c5 Nd7 23. Nc2 Nxc5 24. Na3 Na6 25. Nc2 Nab4 26. Ra1 Nxc2 27. Qxc2 Qd6 28. f4
h5 29. a3 Be8 30. Rfc1 Rf7 31. Bf1 a6 32. Na4 Nd8 33. Nc5 c6 34. a4 Ne6 35. Nxe6
Qxe6 36. b4 Rc7 37. b5 c5 38. bxa6 bxa6 39. Rab1 c4 40. a5 Bb5 41. Qa2 Ra7 42.
Be2 Bf8 43. Bd1 Qc6 44. Qb2 Be7 45. Ba4 Rb7 46. Qa2 Ra7 47. Bd1 Bd6 48. Rb2 Rb7
49. Be2 Kf7 50. Rbc2 Rc7 51. Qb2 Ba4 52. Rc3 Rb7 53. Qa2 Bb4 54. Rxc4 dxc4 55.
Rxc4 Qe6 56. Qxa4 Be1 57. Rc6 Rb4 58. Qc2 Qe8 59. Rc8 Qa4 60. Qc7+ Kf6 61. Qe5+
Kf7 62. Rc7+ Kf8 63. Qg7+ 1-0

[Event "Mistrzostwa Polski Mlodzikow do 10 lat  - chlopcy"]
[Site "Chrusty k. Zagnanska"]
[Date "1899-12-30"]
[Round "9.9"]
[White "Sowinski, Pawel"]
[Black "Karp, Kacper"]
[Result "0-1"]
[WhiteTitle "II"]
[BlackTitle "II+"]
[WhiteElo "1142"]
[BlackElo "1287"]

1. e4 c5 2. Nf3 e6 3. d4 cxd4 4. Nxd4 a6 5. Be3 b5 6. Be2 Qc7 7. a3 Nf6 8. f3 Bb7
9. Nc3 Be7 10. Qd2 d6 11. g4 h6 12. h4 Nc6 13. Nxc6 Bxc6 14. O-O-O O-O-O 15. a4
d5 16. e5 d4 17. Bxd4 Bc5 18. Qf4 Bxd4 19. Rxd4 Rxd4 20. Qxd4 Rd8 21. Qf4 Nd7
22. axb5 axb5 23. Nxb5 Qa5 24. Nd6+ Kc7 25. Kb1 Ra8 26. c3 Qa1+ 27. Kc2 Qxh1 28.
Nb5+ Bxb5 29. Bxb5 Qg2+ 30. Kb3 Rb8 31. Qc4+ Kd8 32. Qc6 Qd2 33. Qc4 Qd5 0-1